000 00324 a2200157 4500
001 184438
020 _a84-294-3480-1
040 _cMagnum
100 _aSurĂ­s, J
240 1 0 _aEl hombre del bar
_lpor
245 1 0 _aEl hombre del bar
300 _a52
362 0 _a1997
697 _aLITERATURA ESPANHOLA
942 _cBK
999 _c184438
_d184438